| 000 | 00876 a2200301 4500 | ||
|---|---|---|---|
| 999 |
_c200421257 _d38443 |
||
| 001 | 200421257 | ||
| 003 | TR-AnTOB | ||
| 005 | 20231003153002.0 | ||
| 008 | 150205r20102014tu 000 0 | ||
| 020 | _a9789944795302 | ||
| 040 |
_aTR-AnTOB _beng _erda _cTR-AnTOB |
||
| 041 | _atur | ||
| 050 | 0 |
_aP105 _b.D4719 2014 |
|
| 090 | _aP105 .D4719 2014 | ||
| 100 | 1 |
_aDerrida, Jacques, _d1930-2004 _936580 |
|
| 245 | 1 | 0 |
_aGramatoloji / _cJacques Derrida ; çeviren İsmet Birkan. |
| 264 | 1 |
_aAnkara : _bBilgeSu, _c2014. |
|
| 300 |
_a480 pages ; _c21 cm. |
||
| 336 |
_atext _2rdacontent _btxt |
||
| 337 |
_aunmediated _2rdamedia _bn |
||
| 338 |
_avolume _2rdacarrier _bnc |
||
| 504 | _aIncludes bibliographical references. | ||
| 650 | 0 |
_94890 _aLanguage and languages |
|
| 650 | 0 |
_920937 _aDil ve diller |
|
| 700 | 1 |
_aBirkan, İsmet _983079 |
|
| 942 |
_cBK _2lcc |
||